| 000 | 00377nam a2200145Ia 4500 | ||
|---|---|---|---|
| 005 | 20250509021603.0 | ||
| 008 | 240331s9999 xx 000 0 und d | ||
| 082 |
_bTHI _a891 |
||
| 100 | _aThirumagal,M | ||
| 245 | 0 |
_aRathinavelonin siru kathaikal : _baaivu nool |
|
| 260 |
_aColombo _bMeera Pathippagam _c2005 |
||
| 300 | _aix, 104 p ., | ||
| 500 | _aResearch Book | ||
| 942 | _cL | ||
| 999 |
_c4334 _d4334 |
||